L'esseignement technique industriel et commercial en France et a l'etranger... / (Record no. 26408)

MARC details
000 -LEADER
campo de control de longitud fija 00563nam a2200181 i 4500
001 - NÚMERO DE CONTROL
campo de control 26408
003 - IDENTIFICADOR DE NÚMERO DE CONTROL
campo de control ES-MaACL
005 - FECHA Y HORA DE LA ÚLTIMA TRANSACCIÓN
campo de control 20230906153434.0
007 - CAMPO FIJO DE DESCRIPCIÓN FÍSICA--INFORMACIÓN GENERAL
campo de control de longitud fija t|
008 - DATOS DE LONGITUD FIJA--INFORMACIÓN GENERAL
campo de control de longitud fija 030109s1912 fr ||||1| fre d
100 1# - ENTRADA PRINCIPAL--NOMBRE DE PERSONA
Nombre de persona Astier, P.
9 (RLIN) 23676
245 12 - MENCIÓN DEL TÍTULO
Título L'esseignement technique industriel et commercial en France et a l'etranger... /
Mención de responsabilidad, etc. P. Astier, I. Cuminal.
250 ## - MENCION DE EDICION
Mención de edición 2ª ed. rev. et mise áa jour.
260 ## - PUBLICACIÓN, DISTRIBUCIÓN, ETC.
Lugar de publicación, distribución, etc. Paris :
Nombre del editor, distribuidor, etc. Dunod, etc,
Fecha de publicación, distribución, etc. 1912 (
Fabricante Desfossés)
300 ## - DESCRIPCIÓN FÍSICA
Extensión XXXVI, 530 p. ;
Dimensiones 25 cm.
700 1# - ENTRADA AGREGADA--NOMBRE PERSONAL
Nombre de persona Cuminal, I.
9 (RLIN) 42158
852 ## - LOCALIZACIÓN
Ubicación ES-MaACL
Número de control de estantería F-1022
Holdings
Estatus retirado Estado de pérdida Estado de daño No para préstamo Biblioteca de origen Biblioteca actual Ubicación en estantería Fecha de adquisición Fuente de adquisición Total de préstamos Signatura topográfica completa Código de barras Visto por última vez Precio de reemplazo Tipo de ítem Koha
        Biblioteca del Ateneo de Madrid Biblioteca del Ateneo de Madrid Depósito 2 17/01/2008     F-1022 1027257 23/02/2023 23/02/2023 Libro impreso